000
00331pab a2200145 454500
008
180718b1988 xxu||||| |||| 00| 0 eng d
100
_a
Kull, Donald C.
245
_a
The ullimate third - party government
260
_c
1988
300
_a
57-8
362
_a
Spring
650
_a
Government
773
_a
Bureaucrat
909
_a
9076
999
_c
9076
_d
9076